| 000 | 01713nam0a2200337 4500 | ||
|---|---|---|---|
| 001 | RU\NLR\bibl\70396 | ||
| 005 | 20130920163127.0 | ||
| 021 |
_aRU _b1999-1332 _966 |
||
| 035 | _a(NLR Aleph) 000068677 | ||
| 090 |
_a377687 _c377687 |
||
| 100 | _a20000215d1998 u y0rusy50 ca | ||
| 101 | 0 |
_arus _aeng |
|
| 102 | _aRU | ||
| 105 | _ay ||||||||| | ||
| 200 | 1 |
_aИмя личное в истории и культуре Великобритании и США _eУчеб. пособие для студентов всех спец., изучающих англ. яз. _fТ.А. Комова, С.И. Гарагуля _gМ-во общ. и проф. образования Рос. Федерации, Белгор. гос. технол. акад. строит. материалов |
|
| 210 |
_aБелгород _cИзд-во БелГТАСМ _d1998 |
||
| 215 |
_a72 с. _d20 |
||
| 320 | _aБиблиогр.: с. 70-71 и в тексте | ||
| 606 | 0 |
_aАнглийский язык _jУчебные издания _xАнтропонимика _9989583 _3RU\NLR\auth\6655625 |
|
| 606 | 0 |
_aАнглийский язык _jРуководства, пособия и т.п. _xАнтропонимика _9989583 _3RU\NLR\auth\6655625 |
|
| 686 | _aШ143.21-93рус3-314 | ||
| 686 | _aШ143.21-314я7 | ||
| 700 | 1 |
_4070 _7ca _8rus _aКомова _bТ. А. _f1944-2016 _gТатьяна Андреевна _96625 _3RU\NLR\AUTH\7723572 |
|
| 701 | 1 |
_4070 _7ca _8rus _aГарагуля _bС. И. _gСергей Иванович _9107775 _3RU\NLR\auth\77124850 |
|
| 801 | 0 |
_aRU _bNLR _c20000215 _gPSBO |
|
| 801 | 1 |
_aRU _bNLR _c20000215 |
|
| 830 | _aАвт. по кн. | ||
| 852 |
_aNLR _j99-4/9532 |
||
| 942 | _cBOOK | ||
| 980 | _aNB | ||